000 00273nam a22001217a 4500
008 171011b xxu||||| |||| 00| 0 eng d
041 _aeng
080 _a316
100 _a50
101 _aSOC
245 _aMCGRAW-HILL SERIES IN SOCIOLOGY
_cLAPIERE, R.T
942 _2udc
_cBK
999 _c33046
_d33046